Paschatya sahitya tatwasastram / (Record no. 36193)
[ view plain ]
| 000 -LEADER | |
|---|---|
| fixed length control field | 00707nam a2200229Ia 4500 |
| 003 - CONTROL NUMBER IDENTIFIER | |
| control field | OSt |
| 005 - DATE AND TIME OF LATEST TRANSACTION | |
| control field | 20250204121858.0 |
| 008 - FIXED-LENGTH DATA ELEMENTS--GENERAL INFORMATION | |
| fixed length control field | 210323s9999||||xx |||||||||||||| ||und|| |
| 040 ## - CATALOGING SOURCE | |
| Transcribing agency | STCPL |
| 041 ## - LANGUAGE CODE | |
| Language code of text/sound track or separate title | Malayalam |
| 082 ## - DEWEY DECIMAL CLASSIFICATION NUMBER | |
| Classification number | M07 |
| Item number | THA-P |
| 100 ## - MAIN ENTRY--PERSONAL NAME | |
| Personal name | Tharakan, K.M |
| Author in other language | കെ.എം.തരകൻ. |
| 245 #0 - TITLE STATEMENT | |
| Title | Paschatya sahitya tatwasastram / |
| Statement of responsibility, etc. | by K.M.Tharakan |
| Title in other language | പാശ്ചാത്യ സാഹിത്യ തത്ത്വശാസ്ത്രം |
| 260 ## - PUBLICATION, DISTRIBUTION, ETC. | |
| Place of publication, distribution, etc. | Kottayam : |
| Name of publisher, distributor, etc. | Sahitya Pravarthaka Co-Operative Society Ltd , |
| Date of publication, distribution, etc. | 1974 . |
| 300 ## - PHYSICAL DESCRIPTION | |
| Extent | 417 p. |
| Other physical details | Paper Back |
| 650 ## - SUBJECT ADDED ENTRY--TOPICAL TERM | |
| Topical term or geographic name entry element | Malayalam literature |
| 650 ## - SUBJECT ADDED ENTRY--TOPICAL TERM | |
| Topical term or geographic name entry element | Study |
| 650 ## - SUBJECT ADDED ENTRY--TOPICAL TERM | |
| Topical term or geographic name entry element | Literary theory |
| 942 ## - ADDED ENTRY ELEMENTS (KOHA) | |
| Koha item type | Books |
| 041 ## - LANGUAGE CODE | |
| Language code of original | Malayalam |
| 942 ## - ADDED ENTRY ELEMENTS (KOHA) | |
| Source of classification or shelving scheme | Dewey Decimal Classification |
| Suppress in OPAC | No |
| Withdrawn status | Lost status | Source of classification or shelving scheme | Damaged status | Collection code | Not for loan | Home library | Current library | Shelving location | Date acquired | Cost, normal purchase price | Total Checkouts | Full call number | Barcode | Date last seen | Price effective from | Koha item type |
|---|---|---|---|---|---|---|---|---|---|---|---|---|---|---|---|---|
| Dewey Decimal Classification | Malayalam | Reference Book | ST. THOMAS COLLEGE LIBRARY, PALAI | ST. THOMAS COLLEGE LIBRARY, PALAI | Malayalam - Reference | 2021-07-10 | 16.00 | M07 THA-P | 31740 | 2021-07-10 | 2021-07-10 | Books | ||||
| Dewey Decimal Classification | Malayalam | Reference Book | ST. THOMAS COLLEGE LIBRARY, PALAI | ST. THOMAS COLLEGE LIBRARY, PALAI | Malayalam - Reference | 2021-07-10 | 65.00 | M07 THA-P | 53617 | 2021-07-10 | 2021-07-10 | Books |
